000 00483nam a2200181Ia 4500
001 18102
005 20260306171606.0
008 260306s9999||||xx |||||||||||||| ||und||
041 _aESP
082 _a658.4012
_bC75 2012
100 _aCollins, Jim
_eAUT
245 0 _aEmpresas que sobresalen:
_bPor qué unas sí pueden mejorar la rentabilidad y otras no
260 _c2012
300 _a327 páginas :
_c20 cm.
650 _aGEN
654 _aCAN
942 _cLIB
_dJUS
_fJUS
_2ddc
_n
999 _c18102
_d18102